[Event "Sicilian Thematic III - Smith Morra Gambit"]
[Site "SchemingMind.com"]
[Date "2006.01.18"]
[Round "-"]
[White "doodledandy"]
[Black "pietronagual"]
[Result "1/2-1/2"]
[WhiteCountry "CAN"]
[BlackCountry "ESP"]
[WhiteElo "2403"]
[WhiteRD "67"]
[BlackElo "2308"]
[BlackRD "125"]
[GameID "36562"]

1. e4 c5 2. d4 cxd4 3. c3 dxc3 4. Nxc3 Nc6 5. Nf3 d6 6. Bc4 e6 7. Bf4 Nf6 8. Qe2 a6 9. O-O Be7 10. Rfd1 b5
11. e5 Nh5 12. exd6 Nxf4 13. Qe4 Bf6 14. Qxc6+ Bd7 15. Qe4 Nh3+ 16. gxh3 bxc4 17. Nd5 O-O 18. Nxf6+ Qxf6 19. Ne5 Qd8 20. Rac1 Rb8
21. Nxc4 Qg5+ 22. Qg4 Qb5 23. h4 e5 24. Qe4 Rfe8 25. Qd5 Kf8 26. Qxb5 Rxb5 27. b3 Be6 28. Kg2 Rd8 29. Rc2 f6 30. Kg3 a5
31. Rdd2 Ke8 32. Ne3 Rb4 33. Rc7 Rd7 34. h5 a4 35. bxa4 Rxa4 36. Rb2 Rd4 37. Rc8+ Rd8 38. Rc7 Rd7 39. Rb8+ Kf7 40. Rcc8 R7xd6
41. Rf8+ Ke7 42. Rbe8+ Kd7 43. Ra8 Ke7 44. Rae8+ Kd7 45. Ra8 Ke7=
1/2-1/2

[Event "Sicilian Thematic III - Smith Morra Gambit"]
[Site "SchemingMind.com"]
[Date "2006.01.18"]
[Round "-"]
[White "Oskyrain"]
[Black "doodledandy"]
[Result "0-1"]
[WhiteCountry "ARG"]
[BlackCountry "CAN"]
[WhiteElo "2111"]
[WhiteRD "83"]
[BlackElo "2406"]
[BlackRD "78"]
[GameID "36563"]

1. e4 c5 2. d4 cxd4 3. Nf3 d6 4. Nxd4 Nf6 5. Nc3 a6 6. Be2 e5 7. Nf3 h6 8. O-O Be7 9. Be3 O-O 10. Bc4 Nc6
11. Bd5 Bd7 12. Re1 Rc8 13. h3 b5 14. a3 Na5 15. Nd2 Be6 16. Qe2 Nxd5 17. exd5 Bf5 18. Rac1 Qd7 19. Qf3 Nc4 20. Nxc4 Rxc4
21. Re2 Rfc8 22. Bd2 Bg6 23. Rce1 a5 24. b3 Rd4 25. Rc1 b4 26. axb4 axb4 27. Na4 Rxc2 28. Rxc2 Bxc2 29. Bxh6 Rd3 30. Nb6 Rxf3
31. Nxd7 Rc3 32. Be3 Bxb3 33. Rb2 Bxd5 34. Rxb4 f5 35. Nb6 Be6 36. Kf1 Ra3 37. Bd2 d5 38. Rb5 Bd6 39. Ke2 d4 40. Ra5 d3+
41. Ke3 Rxa5 42. Bxa5 e4 43. Kd2 Be7 44. g3 Bc5 45. Ke1 d2+ 46. Kxd2 Bxf2 47. g4 f4
0-1

[Event "Sicilian Thematic III - Smith Morra Gambit"]
[Site "SchemingMind.com"]
[Date "2006.01.18"]
[Round "-"]
[White "dinoladetto"]
[Black "doodledandy"]
[Result "0-1"]
[WhiteCountry "ITA"]
[BlackCountry "CAN"]
[WhiteElo "1799"]
[WhiteRD "81"]
[BlackElo "2352"]
[BlackRD "64"]
[GameID "36564"]

1. e4 c5 2. d4 cxd4 3. Nf3 d6 4. Nxd4 Nf6 5. f3 e5 6. Bb5+ Nbd7 7. Nf5 d5 8. exd5 a6 9. Bc4 Nb6 10. Ne3 Nxc4
11. Nxc4 Nxd5 12. Nxe5 Bd6 13. Qxd5 Bb4+ 14. Qd2 Bxd2+ 15. Nxd2 O-O 16. O-O Qd4+
0-1

[Event "Sicilian Thematic III - Smith Morra Gambit"]
[Site "SchemingMind.com"]
[Date "2006.01.18"]
[Round "-"]
[White "KingPiece52"]
[Black "doodledandy"]
[Result "0-1"]
[WhiteCountry "USA"]
[BlackCountry "CAN"]
[WhiteElo "1144"]
[WhiteRD "129"]
[BlackElo "2388"]
[BlackRD "68"]
[GameID "36565"]

1. e4 c5 2. d4 cxd4 3. c3 dxc3 4. Nxc3 Nc6 5. Nf3 e6 6. Bc4 Qc7 7. O-O Nf6 8. Bg5 a6 9. Bxf6 gxf6 10. a4 Rg8
11. Qd2 b6 12. g3 Bb7 13. Be2 Qd6 14. Qe3= Qb4 15. Rfd1 Bc5 16. Qd3 Rd8
0-1

[Event "Sicilian Thematic III - Smith Morra Gambit"]
[Site "SchemingMind.com"]
[Date "2006.01.18"]
[Round "-"]
[White "Brerrabbit"]
[Black "doodledandy"]
[Result "0-1"]
[WhiteCountry "SCO"]
[BlackCountry "CAN"]
[WhiteElo "1264"]
[WhiteRD "73"]
[BlackElo "2352"]
[BlackRD "64"]
[GameID "36566"]

1. e4 c5 2. d4 cxd4 3. c3 dxc3 4. Nxc3 Nc6 5. Bc4 d6 6. Qf3 Nf6 7. Bg5 Qa5 8. Ne2 Qxg5 9. Nd5 Nxd5 10. Bxd5 Nd8
11. O-O e6 12. Bc4 Nc6 13. Rad1 Qc5 14. b3 a6 15. Nf4 Qa5 16. Rfe1 Be7 17. a4 O-O 18. Nh5 g6 19. Nf6+ Kg7 20. Ng4 h5
21. Bd3 hxg4 22. Qxg4 Qc3 23. e5 Nxe5 24. Qh3 Qxb3 25. Re4 Qxd1+ 26. Bf1 f5 27. Rh4 Bxh4
0-1

[Event "Sicilian Thematic III - Smith Morra Gambit"]
[Site "SchemingMind.com"]
[Date "2006.01.18"]
[Round "-"]
[White "Casper"]
[Black "doodledandy"]
[Result "0-1"]
[WhiteCountry "AUS"]
[BlackCountry "CAN"]
[WhiteElo "1312"]
[WhiteRD "92"]
[BlackElo "2388"]
[BlackRD "68"]
[GameID "36567"]

1. e4 c5 2. d4 cxd4 3. c3 dxc3 4. Nxc3 Nc6 5. Nf3 d6 6. Bc4 a6 7. Qe2 Nf6 8. O-O Bg4 9. h3 Bxf3 10. Qxf3 g6
11. Rd1 Bg7 12. Qe2 O-O 13. e5 Nxe5 14. Bb3 Rc8
0-1

[Event "Sicilian Thematic III - Smith Morra Gambit"]
[Site "SchemingMind.com"]
[Date "2006.01.18"]
[Round "-"]
[White "KaliYuga"]
[Black "doodledandy"]
[Result "0-1"]
[WhiteCountry "IRL"]
[BlackCountry "CAN"]
[WhiteElo "1924"]
[WhiteRD "64"]
[BlackElo "2403"]
[BlackRD "67"]
[GameID "36568"]

1. e4 c5 2. d4 cxd4 3. c3 dxc3 4. Nxc3 Nc6 5. Bc4 d6 6. Nf3 a6 7. O-O Nf6 8. Bg5 e6 9. Rc1 Be7 10. Re1 O-O
11. e5 dxe5 12. Nxe5 Nxe5 13. Qxd8 Bxd8 14. Rxe5 Nd7 15. Bf4 Nxe5 16. Bxe5 Bd7 17. Rd1 Bc6 18. Bd6 Re8 19. Kf1 Bf6 20. Bb3 Rad8
21. f3 Bxc3 22. bxc3 Bd5 23. Bc7 Bc4+ 24. Ke1 Rxd1+ 25. Kxd1 Bxb3+ 26. axb3 Rc8 27. Ba5 b6 28. Bxb6 Rxc3 29. b4 Rb3 30. Bc5 Rb2
31. g3 Rxh2
0-1

[Event "Sicilian Thematic III - Smith Morra Gambit"]
[Site "SchemingMind.com"]
[Date "2006.01.18"]
[Round "-"]
[White "banong"]
[Black "doodledandy"]
[Result "0-1"]
[WhiteCountry "PHI"]
[BlackCountry "CAN"]
[WhiteElo "1731"]
[WhiteRD "77"]
[BlackElo "2419"]
[BlackRD "72"]
[GameID "36570"]

1. e4 c5 2. d4 cxd4 3. c3 dxc3 4. Nxc3 Nc6 5. Nf3 e6 6. Bc4 a6 7. Qe2 b5 8. Bb3 Nge7 9. Bg5 h6 10. Bh4 g5
11. Bg3 Ng6 12. Rd1 g4 13. Nd4 Nxd4 14. Rxd4 h5 15. h4 Bb7 16. O-O Bg7 17. Rd6 Be5 18. Bxe5 Nxe5 19. g3 Qc7 20. Rfd1 Qc5
21. Bc2 Rc8 22. Bb1 Bc6 23. Kg2 b4 24. Qxa6 O-O 25. Nd5 exd5 26. Rh6 dxe4 27. Rxh5 e3+ 28. Kh2 Nf3+ 29. Kg2 Nxh4+ 30. Kf1 Qxh5
31. gxh4 Qxh4 32. fxe3 Bf3 33. Qd6 Qh1+
0-1

[Event "Sicilian Thematic III - Smith Morra Gambit"]
[Site "SchemingMind.com"]
[Date "2006.01.18"]
[Round "-"]
[White "pietronagual"]
[Black "doodledandy"]
[Result "1-0"]
[WhiteCountry "ESP"]
[BlackCountry "CAN"]
[WhiteElo "2403"]
[WhiteRD "113"]
[BlackElo "2379"]
[BlackRD "76"]
[GameID "36571"]

1. e4 c5 2. d4 cxd4 3. c3 dxc3 4. Nxc3 Nc6 5. Nf3 e6 6. Bf4 d6 7. Bc4 Nf6 8. Qe2 a6 9. O-O Be7 10. Rac1 O-O
11. Rfd1 Nh5 12. Be3 Bd7 13. Bb3 Nf6 14. Bf4 e5 15. Be3 Na5 16. Bd5 Rc8 17. a3 b5 18. Ba2 h6 19. b4 Nc4 20. Bxc4 bxc4
21. Nd2 Qc7 22. Rc2 Be6 23. Rdc1 Qb7 24. f3 Rfd8 25. Qf1 h5 26. Qe1 Rc6 27. Bf2 g6 28. Bh4 Qa7+ 29. Kh1 Rdc8 30. Nf1 Kg7
31. Bf2 Qb7 32. Ne3 Nd7 33. Ned5 Bxd5 34. Nxd5 Bg5 35. Rd1 Nf8 36. Bh4 f6 37. Bxg5 fxg5 38. h4 Ne6 39. hxg5 Nxg5 40. Qh4 Kh6
41. g4 Qf7 42. f4 exf4 43. gxh5 gxh5 44. Rf2 Re8 45. Rxf4 Rxe4 46. Qxg5+ Kxg5 47. Rxf7 c3 48. Rg1+ Rg4 49. Rc1 c2 50. Ne3 Kg6
51. Rf2 Rh4+ 52. Kg1 Rc3 53. Rg2+ Kf7 54. Nxc2 Rhc4 55. Rf1+ Ke7 56. Re2+ Kd8 57. Rff2 h4 58. Kh2 h3 59. Rd2 Kc7 60. a4 Kd7
61. a5 Rb3 62. b5
1-0